000 00327nam a22001217a 4500
020 _a8122416861
082 _222
_a629.8
100 _aNakra, B. C.
245 _aTheory and applications of automatic controls /
260 _aNew Delhi,
_bNew Age International,
_cc2007.
300 _axiv, 321 p. ;
_bill. ;
_c24 cm.
942 _2ddc
_cEE
999 _c51
_d51